[Event "Mittelfranken Landesliga Sued 2223"]
[Site "Mittelfranken"]
[Date "2023.03.05"]
[Round "7.6"]
[White "Weller, Uli"]
[Black "Huber, Stefan2222"]
[Result "1-0"]
[WhiteElo "2228"]
[BlackElo "1874"]
[PlyCount "31"]
[EventDate "2022.10.09"]
[EventType "team-tourn"]
[EventRounds "9"]
[EventCountry "GER"]
[SourceTitle "EXT 2024"]
[Source "ChessBase"]
[SourceDate "2023.10.10"]
[SourceVersion "1"]
[SourceVersionDate "2023.10.10"]
[SourceQuality "1"]
[WhiteTeam "Augsburg SF"]
[BlackTeam "Muenchen Zugzwang II"]
[WhiteTeamCountry "GER"]
[BlackTeamCountry "GER"]

1. e4 Nf6 2. e5 Nd5 3. d4 d6 4. c4 Nb6 5. exd6 exd6 6. Nc3 Bf5 7. Qf3 Qd7 8. Be3 Nc6 9. 0-0-0 Bg4 10. Qe4+ Be7 11. Nf3 0-0 12. c5 d5 13. Qf4 Nc4 14. Bxc4 dxc4 15. d5 Na5 16. Ne5 1-0

[Event "GER-chT U20"]
[Site "Kiel"]
[Date "2022.07.23"]
[Round "2.6"]
[White "Weller, Uli"]
[Black "Gorainow, Nikita"]
[Result "1-0"]
[WhiteElo "2195"]
[BlackElo "1987"]
[PlyCount "65"]
[EventDate "2022.07.22"]
[EventType "team-swiss"]
[EventRounds "7"]
[EventCountry "GER"]
[SourceTitle "CBM 209 Extra"]
[Source "ChessBase"]
[SourceDate "2022.09.30"]
[SourceVersion "1"]
[SourceVersionDate "2022.09.30"]
[SourceQuality "1"]
[WhiteTeam "Augsburg"]
[BlackTeam "Essen Katernberg"]
[WhiteTeamCountry "GER"]
[BlackTeamCountry "GER"]

1. e4 c5 2. Nf3 Nc6 3. d4 cxd4 4. Nxd4 g6 5. c4 Bg7 6. Be3 Nf6 7. Nc3 0-0 8. f3 d6 9. Qd2 Bd7 10. Be2 a5 11. g4 Nxd4 12. Bxd4 Bc6 13. 0-0-0 Nd7 14. Bxg7 Kxg7 15. h4 Qb6 16. h5 Rh8 17. g5 Qc5 18. f4 Nb6 19. Nd5 Bxd5 20. exd5 f6 21. Qc3 Qf2 22. Rd4 Qxe2 23. Re1 Na4 24. Rxe2 Nxc3 25. Rxe7+ Kf8 26. gxf6 Nxa2+ 27. Kb1 Nb4 28. h6 Re8 29. Rde4 Rxe7 30. Rxe7 Rg8 31. f7 Rh8 32. Re8+ Kxf7 33. Rxh8 1-0

[Event "GER-CupT 2122 prel7"]
[Site "Augsburg"]
[Date "2022.03.26"]
[Round "1.4"]
[White "Weller, Uli"]
[Black "Spiegel, Stefan"]
[Result "1-0"]
[WhiteElo "2186"]
[BlackElo "2143"]
[PlyCount "49"]
[EventDate "2022.03.26"]
[EventType "team-k.o."]
[EventRounds "2"]
[EventCountry "GER"]
[SourceTitle "EXT 2023"]
[Source "ChessBase"]
[SourceDate "2022.10.05"]
[SourceVersion "1"]
[SourceVersionDate "2022.10.05"]
[SourceQuality "1"]
[WhiteTeam "Augsburg SF"]
[BlackTeam "Viernheim"]
[WhiteTeamCountry "GER"]
[BlackTeamCountry "GER"]

1. e4 Nf6 2. e5 Nd5 3. d4 Nb6 4. f4 d6 5. Nf3 dxe5 6. fxe5 Bg4 7. Be2 e6 8. 0-0 Be7 9. Nc3 0-0 10. Be3 a5 11. Bd3 Nc6 12. Qe1 Nb4 13. Qg3 Bh5 14. Qh3 Nxd3 15. Qxh5 Nb4 16. Qg4 Kh8 17. Ng5 Bxg5 18. Bxg5 Qd7 19. Rf3 Nc6 20. Rd1 Ne7 21. Ne4 Ng8 22. Bf6 Nxf6 23. exf6 Rg8 24. Rh3 Qd5 25. Ng5 1-0

[Event "GER-chT Lands U20"]
[Site "Neumuenster"]
[Date "2021.10.02"]
[Round "2.1"]
[White "Weller, Uli"]
[Black "Hinrichs, Paul"]
[Result "1/2-1/2"]
[WhiteElo "2188"]
[BlackElo "2244"]
[PlyCount "80"]
[EventDate "2021.10.01"]
[EventType "team-swiss"]
[EventRounds "7"]
[EventCountry "GER"]
[SourceTitle "CBM 204 Extra"]
[Source "ChessBase"]
[SourceDate "2021.11.30"]
[SourceVersion "1"]
[SourceVersionDate "2021.11.30"]
[SourceQuality "1"]
[WhiteTeam "Bayern"]
[BlackTeam "Rheinland Pfalz"]
[WhiteTeamCountry "GER"]
[BlackTeamCountry "GER"]

1. e4 e5 2. Nc3 Nf6 3. f4 d5 4. fxe5 Nxe4 5. Qf3 f5 6. d3 Nxc3 7. bxc3 Be7 8. d4 0-0 9. Ne2 c6 10. h4 Na6 11. Qg3 Nc7 12. Nf4 Ne6 13. Be2 Kh8 14. h5 Nxf4 15. Bxf4 Be6 16. 0-0 c5 17. Rab1 b6 18. Qe3 Rc8 19. Bd3 Qe8 20. Bg5 Rc7 21. Bxe7 Qxe7 22. Rf3 Qh4 23. Rh3 Qg4 24. Qf2 Qg5 25. Rf1 c4 26. Be2 f4 27. Qh4 h6 28. Qxg5 hxg5 29. Rhf3 Rcf7 30. g3 Bh3 31. Re1 Bg4 32. gxf4 gxf4 33. Rf2 f3 34. Bd1 Rf4 35. Kh2 Bxh5 36. Kg3 Rg4+ 37. Kh3 Re4 38. Ref1 g5 39. Kg3 Rg4+ 40. Kh3 Rh4+ 1/2-1/2

[Event "GER-chT U20"]
[Site "Willingen"]
[Date "2021.06.25"]
[Round "3"]
[White "Weller, Uli"]
[Black "Goldbeck, Lars"]
[Result "1-0"]
[WhiteElo "2144"]
[BlackElo "2235"]
[PlyCount "115"]
[EventDate "2021.06.24"]
[EventType "team-swiss"]
[EventRounds "7"]
[EventCountry "GER"]
[SourceTitle "CBM 203 Extra"]
[Source "ChessBase"]
[SourceDate "2021.09.30"]
[SourceVersion "1"]
[SourceVersionDate "2021.09.30"]
[SourceQuality "1"]
[WhiteTeam "Augsburg"]
[BlackTeam "Regensburg Bavaria"]
[WhiteTeamCountry "GER"]
[BlackTeamCountry "GER"]

1. e4 c5 2. Nc3 Nc6 3. Nf3 e5 4. Bc4 Be7 5. d3 Nf6 6. Ng5 0-0 7. f4 exf4 8. Bxf4 d6 9. 0-0 Na5 10. Qd2 Nxc4 11. dxc4 h6 12. Nf3 Re8 13. Rad1 Bg4 14. b3 Bf8 15. Rfe1 Nh5 16. Nd5 Re6 17. Qf2 Rg6 18. Kh1 Nf6 19. h3 Nxd5 20. Rxd5 Be6 21. Rd3 Qa5 22. a4 Re8 23. Bxd6 Bxh3 24. gxh3 Rxd6 25. Rd5 Rf6 26. Re3 Qc7 27. e5 Rfe6 28. Red3 Qc8 29. Rd7 R6e7 30. Rxe7 Rxe7 31. Kg2 Re6 32. Qh4 Be7 33. Qe4 b6 34. Kh2 Bf8 35. Qd5 Re7 36. Qd8 Qe6 37. Qa8 Re8 38. Qxa7 Qf5 39. Qxb6 Qf4+ 40. Kg2 Re6 41. Qb7 Qc1 42. Qe4 Qxc2+ 43. Kg3 Rg6+ 44. Kf4 Rg2 45. e6 fxe6 46. Qxe6+ Kh8 47. Qf5 g5+ 48. Ke5 Re2+ 49. Kd5 Re8 50. Kc6 Qe2 51. Rd7 Bg7 52. a5 Rf8 53. Qd5 Rxf3 54. Rd8+ Bf8 55. a6 Rf6+ 56. Kb7 Qa2 57. a7 Qa6+ 58. Ka8 1-0

[Event "GER-chT U20"]
[Site "Willingen"]
[Date "2021.06.24"]
[Round "1"]
[White "Burian, Simon"]
[Black "Weller, Uli"]
[Result "1/2-1/2"]
[WhiteElo "2106"]
[BlackElo "2144"]
[PlyCount "51"]
[EventDate "2021.06.24"]
[EventType "team-swiss"]
[EventRounds "7"]
[EventCountry "GER"]
[SourceTitle "CBM 203 Extra"]
[Source "ChessBase"]
[SourceDate "2021.09.30"]
[SourceVersion "1"]
[SourceVersionDate "2021.09.30"]
[SourceQuality "1"]
[WhiteTeam "Plauen Koenig"]
[BlackTeam "Augsburg"]
[WhiteTeamCountry "GER"]
[BlackTeamCountry "GER"]

1. e4 c5 2. Nf3 Nc6 3. Bb5 g6 4. c3 Bg7 5. d4 cxd4 6. cxd4 Qb6 7. Nc3 e6 8. e5 d5 9. exd6 Nf6 10. 0-0 0-0 11. Bxc6 Qxc6 12. Bf4 Nh5 13. Be5 f6 14. d5 Qa6 15. dxe6 Bxe6 16. Nd5 fxe5 17. Nc7 Qc4 18. Ng5 Bg4 19. f3 Bd7 20. Rc1 Qf4 21. Qb3+ Kh8 22. Nge6 Qf7 23. Nxf8 Rxf8 24. Qxb7 e4 25. Qxe4 Qxa2 26. Rf2 1/2-1/2

[Event "Regionalliga Sued-West 1819"]
[Site "Bayern"]
[Date "2018.12.16"]
[Round "4.4"]
[White "Schmidt, Olaf"]
[Black "Weller, Uli"]
[Result "1-0"]
[WhiteElo "2042"]
[BlackElo "2134"]
[PlyCount "55"]
[EventDate "2018.10.21"]
[EventType "team-tourn"]
[EventRounds "9"]
[EventCountry "GER"]
[SourceTitle "EXT 2022"]
[Source "ChessBase"]
[SourceDate "2021.10.06"]
[SourceVersion "1"]
[SourceVersionDate "2021.10.06"]
[SourceQuality "1"]
[WhiteTeam "Augsburg SK Rochade"]
[BlackTeam "Augsburg SF"]
[WhiteTeamCountry "GER"]
[BlackTeamCountry "GER"]

1. c4 c5 2. Nc3 Nc6 3. d3 g6 4. Nf3 Bg7 5. e3 e5 6. Be2 Nge7 7. 0-0 0-0 8. a3 d5 9. cxd5 Nxd5 10. Bd2 Be6 11. Nxd5 Bxd5 12. e4 Be6 13. b4 cxb4 14. axb4 a6 15. h3 Qd6 16. Qb1 f5 17. b5 fxe4 18. dxe4 Rxf3 19. bxc6 Rb3 20. cxb7 Rd8 21. Rxa6 Qxd2 22. Qd1 Qg5 23. Ra8 Bf6 24. Rxd8+ Bxd8 25. Qxb3 Bxb3 26. b8Q Bc2 27. Qb5 Kg7 28. f4 1-0

[Event "Youth District Germany"]
[Site "Wuerzburg"]
[Date "2018.10.07"]
[Round "7.2"]
[White "Karsay, Pascal"]
[Black "Weller, Uli"]
[Result "1-0"]
[WhiteElo "2261"]
[BlackElo "2123"]
[PlyCount "59"]
[EventDate "2018.10.02"]
[EventType "team-swiss"]
[EventRounds "7"]
[EventCountry "GER"]
[SourceTitle "CBM 186 Extra"]
[Source "ChessBase"]
[SourceDate "2018.08.24"]
[SourceVersion "1"]
[SourceVersionDate "2018.08.24"]
[SourceQuality "1"]
[WhiteTeam "Rheinland Pfalz U20"]
[BlackTeam "Bayern U20 II"]
[WhiteTeamCountry "GER"]
[BlackTeamCountry "GER"]

1. Nf3 c5 2. e4 Nc6 3. Bb5 g6 4. 0-0 Bg7 5. Re1 e5 6. b4 cxb4 7. a3 Nge7 8. axb4 0-0 9. d3 d6 10. c3 h6 11. Bc4 Kh7 12. Nbd2 f5 13. Qb3 g5 14. h3 Ng6 15. exf5 Bxf5 16. Ne4 Bf6 17. Be3 Be7 18. Bd5 Qd7 19. Ng3 Bxh3 20. gxh3 Qxh3 21. Be6 g4 22. Nh2 Nh4 23. Qd5 Rf3 24. Qxf3 Nxf3+ 25. Nxf3 h5 26. Bg5 Kg6 27. b5 Bxg5 28. Bf7+ Kg7 29. Nxg5 Qh4 30. Nf5+ 1-0

[Event "Youth District Germany"]
[Site "Wuerzburg"]
[Date "2018.10.03"]
[Round "2.2"]
[White "Weller, Uli"]
[Black "Jakob, Georg"]
[Result "0-1"]
[WhiteElo "2123"]
[BlackElo "1959"]
[PlyCount "64"]
[EventDate "2018.10.02"]
[EventType "team-swiss"]
[EventRounds "7"]
[EventCountry "GER"]
[SourceTitle "CBM 186 Extra"]
[Source "ChessBase"]
[SourceDate "2018.08.24"]
[SourceVersion "1"]
[SourceVersionDate "2018.08.24"]
[SourceQuality "1"]
[WhiteTeam "Bayern U20 II"]
[BlackTeam "Wuerttemberg U20 II"]
[WhiteTeamCountry "GER"]
[BlackTeamCountry "GER"]

1. e4 c5 2. Nc3 Nc6 3. g3 g6 4. d3 Bg7 5. Be3 d6 6. Qd2 Rb8 7. Bg2 b5 8. f4 b4 9. Nd1 Qb6 10. Nf3 Nh6 11. h3 f5 12. Ng5 e6 13. 0-0 0-0 14. Qf2 fxe4 15. Bxe4 Nf5 16. Bxf5 Rxf5 17. Ne4 Ne7 18. Qd2 Nd5 19. Bf2 e5 20. fxe5 Bxe5 21. g4 Rf8 22. Ne3 Nf4 23. Bg3 c4 24. Kh2 c3 25. bxc3 bxc3 26. Qc1 Ba6 27. Nc4 Bxc4 28. Bxf4 Rxf4 29. Rxf4 Rf8 30. Kg2 Bxf4 31. Qe1 Bd5 32. Rb1 Qe3 0-1

[Event "GER-ch U18"]
[Site "Willingen"]
[Date "2018.05.21"]
[Round "3"]
[White "Weller, Uli"]
[Black "Schmidek, Emil"]
[Result "1-0"]
[WhiteElo "2062"]
[BlackElo "2395"]
[PlyCount "59"]
[EventDate "2018.05.19"]
[EventType "swiss"]
[EventRounds "9"]
[EventCountry "GER"]
[SourceTitle "CBM 184 Extra"]
[Source "ChessBase"]
[SourceDate "2018.06.28"]
[SourceVersion "1"]
[SourceVersionDate "2018.06.28"]
[SourceQuality "1"]

1. e4 e5 2. Nf3 Nc6 3. Bc4 Nf6 4. d3 Be7 5. 0-0 0-0 6. Re1 d6 7. a4 Na5 8. Ba2 c5 9. c3 Nc6 10. Na3 Be6 11. Bxe6 fxe6 12. Nc4 Qd7 13. Bd2 Rab8 14. b4 cxb4 15. cxb4 b5 16. axb5 Rxb5 17. Qa4 Rb7 18. Rec1 Rfb8 19. Nxd6 Qxd6 20. Qxc6 Nd7 21. h3 Qxd3 22. Qxe6+ Kf8 23. Ng5 Bxg5 24. Bxg5 Nb6 25. Rd1 Qxe4 26. Ra3 Re8 27. Rf3+ Qxf3 28. Qd6+ Kf7 29. gxf3 Rd7 30. Qxd7+ 1-0

[Event "GER-ch U18"]
[Site "Willingen"]
[Date "2018.05.20"]
[Round "2"]
[White "Zimmer, Luca"]
[Black "Weller, Uli"]
[Result "0-1"]
[WhiteElo "1633"]
[BlackElo "2062"]
[PlyCount "59"]
[EventDate "2018.05.19"]
[EventType "swiss"]
[EventRounds "9"]
[EventCountry "GER"]
[SourceTitle "CBM 184 Extra"]
[Source "ChessBase"]
[SourceDate "2018.06.28"]
[SourceVersion "1"]
[SourceVersionDate "2018.06.28"]
[SourceQuality "1"]

1. e4 c5 2. Nc3 g6 3. f4 Bg7 4. Nf3 Nc6 5. Bb5 Nd4 6. 0-0 a6 7. Bd3 d6 8. Ne2 e5 9. Bc4 Be6 10. d3 Ne7 11. c3 Nxf3+ 12. Rxf3 0-0 13. Qe1 Qd7 14. Qh4 Bxc4 15. dxc4 f5 16. fxe5 dxe5 17. Bh6 Bxh6 18. Qxh6 fxe4 19. Rxf8+ Rxf8 20. Qe3 Qd3 21. Qxd3 exd3 22. Ng3 Rf4 23. Re1 e4 24. Nf1 Nf5 25. g3 Rxf1+ 26. Kxf1 e3 27. Rb1 Nd6 28. Kg2 Nxc4 29. Kf3 e2 30. Kf2 0-1

[Event "Bayernliga U20 1718"]
[Site "Bayern"]
[Date "2018.03.10"]
[Round "6.2"]
[White "Weller, Uli"]
[Black "Goldbeck, Lars"]
[Result "1/2-1/2"]
[WhiteElo "2055"]
[BlackElo "2139"]
[PlyCount "86"]
[EventDate "2017.11.18"]
[EventType "team-tourn"]
[EventRounds "7"]
[EventCountry "GER"]
[SourceTitle "EXT 2022"]
[Source "ChessBase"]
[SourceDate "2021.10.06"]
[SourceVersion "1"]
[SourceVersionDate "2021.10.06"]
[SourceQuality "1"]
[WhiteTeam "Augsburg SF U20"]
[BlackTeam "Regensburg Bavaria U20"]
[WhiteTeamCountry "GER"]
[BlackTeamCountry "GER"]

1. e4 c5 2. Nc3 Nc6 3. g3 g6 4. d3 Bg7 5. Be3 d6 6. Qd2 e5 7. Bg2 Nge7 8. Bh6 Bxh6 9. Qxh6 Nd4 10. Qd2 Be6 11. Nd5 Nxd5 12. exd5 Bd7 13. c3 Nf5 14. Ne2 Qf6 15. 0-0 0-0 16. f4 Rfe8 17. Rae1 h5 18. h3 exf4 19. Qxf4 Qe5 20. Be4 c4 21. Bxf5 Bxf5 22. dxc4 Rac8 23. b3 Qe3+ 24. Kh2 Qxf4 25. Nxf4 Rxe1 26. Rxe1 b5 27. Re7 bxc4 28. b4 a5 29. Rb7 axb4 30. Rxb4 Ra8 31. a4 Bc2 32. Rxc4 Bxa4 33. Kg2 Be8 34. Kf3 Ra1 35. Rc7 Kf8 36. Nd3 Rd1 37. Nf4 Bb5 38. h4 Ke8 39. Rb7 Bc4 40. Ke4 Rg1 41. Rb4 Ba2 42. Ne2 Re1 43. Ke3 Bxd5 1/2-1/2

[Event "Landesliga U20 Sued 1617"]
[Site "Bayern"]
[Date "2017.03.11"]
[Round "6.1"]
[White "Weller, Uli"]
[Black "Mai, Anton"]
[Result "0-1"]
[WhiteElo "1958"]
[BlackElo "1864"]
[PlyCount "80"]
[EventDate "2016.11.12"]
[EventType "team-tourn"]
[EventRounds "7"]
[EventCountry "GER"]
[SourceTitle "EXT 2022"]
[Source "ChessBase"]
[SourceDate "2021.10.06"]
[SourceVersion "1"]
[SourceVersionDate "2021.10.06"]
[SourceQuality "1"]
[WhiteTeam "Buchloe U20"]
[BlackTeam "Haar U20"]
[WhiteTeamCountry "GER"]
[BlackTeamCountry "GER"]

1. e4 e5 2. Nf3 Nc6 3. Bc4 Bc5 4. c3 Nf6 5. b4 Bb6 6. d3 d6 7. a4 a6 8. Qb3 Qe7 9. Nbd2 Nd8 10. Nf1 Ne6 11. Be3 Ba7 12. Ng3 g6 13. d4 Ng4 14. 0-0-0 0-0 15. h3 Nxe3 16. fxe3 Ng7 17. Rd3 c6 18. a5 b5 19. axb6 Bxb6 20. Rf1 Be6 21. dxe5 Bxc4 22. Qxc4 dxe5 23. Qxc6 Ba7 24. Qd5 Rac8 25. Nxe5 Bb8 26. Ng4 Ne6 27. Nh6+ Kh8 28. Ne2 Kg7 29. Ng4 Rfd8 30. Nd4 Rxd5 31. Nxe6+ fxe6 32. exd5 exd5 33. Kd2 Be5 34. Rxd5 Bxc3+ 35. Kd3 Bxb4 36. Ne5 Rd8 37. Ke4 Rxd5 38. Kxd5 Qb7+ 39. Kd4 Bc5+ 40. Kc3 Qb4+ 0-1

[Event "GER-chT Lands U20"]
[Site "Hannover"]
[Date "2015.10.07"]
[Round "7.7"]
[White "Christiansen, Anna"]
[Black "Weller, Uli"]
[Result "1/2-1/2"]
[WhiteElo "1558"]
[BlackElo "1915"]
[PlyCount "54"]
[EventDate "2015.10.03"]
[EventType "team-swiss"]
[EventRounds "7"]
[EventCountry "GER"]
[SourceTitle "CBM 168 Extra"]
[Source "ChessBase"]
[SourceDate "2015.10.29"]
[SourceVersion "1"]
[SourceVersionDate "2015.10.29"]
[SourceQuality "1"]
[WhiteTeam "Hamburg (U20)"]
[BlackTeam "Bayern (U20)"]
[WhiteTeamCountry "GER"]
[BlackTeamCountry "GER"]

1. d4 d5 2. Nf3 e6 3. Bf4 f5 4. e3 Nf6 5. h3 Be7 6. Bd3 c6 7. c3 Ne4 8. Nbd2 Nd7 9. Ne5 Ndf6 10. Ndf3 Bd7 11. Qc2 b5 12. b3 Rc8 13. 0-0 0-0 14. Nxd7 Nxd7 15. Ne5 Nxe5 16. Bxe5 Bd6 17. Bxd6 Qxd6 18. c4 Rf6 19. cxb5 Rg6 20. Bxe4 fxe4 21. Rac1 e5 22. Qc5 Qf6 23. Qxa7 Qf3 24. g3 Rxg3+ 25. fxg3 Qxg3+ 26. Kh1 Qxh3+ 27. Kg1 Qg3+ 1/2-1/2

[Event "GER-ch U14"]
[Site "Willingen"]
[Date "2015.05.27"]
[Round "6"]
[White "Weller, Uli"]
[Black "Maetzkow, Maximilian Paul"]
[Result "0-1"]
[WhiteElo "1822"]
[BlackElo "1953"]
[PlyCount "138"]
[EventDate "2015.05.24"]
[EventType "swiss"]
[EventRounds "9"]
[EventCountry "GER"]
[SourceTitle "CBM 166 Extra"]
[Source "ChessBase"]
[SourceDate "2015.06.18"]
[SourceVersion "1"]
[SourceVersionDate "2015.06.18"]
[SourceQuality "1"]

1. e4 c5 2. Nf3 d6 3. d4 cxd4 4. Nxd4 Nf6 5. Nc3 a6 6. h3 e6 7. g4 h6 8. Bg2 Be7 9. Be3 Nbd7 10. Qd2 Qc7 11. f4 Nb6 12. Rd1 Nc4 13. Qc1 Bd7 14. Bf2 Rc8 15. Nce2 Qa5+ 16. c3 e5 17. fxe5 dxe5 18. Nf5 Bxf5 19. exf5 Qxa2 20. Bxb7 Rc7 21. Bg2 0-0 22. 0-0 Rb8 23. Qa1 Rxb2 24. Qxa2 Rxa2 25. Rfe1 Rc2 26. Rc1 Rxc1 27. Rxc1 Bc5 28. Ra1 a5 29. Nc1 Bxf2+ 30. Kxf2 Nb2 31. Rxa5 Rxc3 32. Ne2 Rc7 33. Rb5 Nc4 34. Nc3 Nd6 35. Rb8+ Kh7 36. Nd5 Rc2+ 37. Kf1 Rc1+ 38. Kf2 Rc2+ 39. Kf1 Rc1+ 40. Kf2 Nde4+ 41. Bxe4 Nxe4+ 42. Ke2 Nc3+ 43. Kd2 Rd1+ 44. Kxc3 Rxd5 45. Rb7 f6 46. Rb4 h5 47. gxh5 Kh6 48. Rg4 Rd7 49. Rg6+ Kxh5 50. Rg4 Kh6 51. Rg6+ Kh7 52. Rg4 Rd1 53. Rh4+ Kg8 54. Kc2 Rg1 55. Kd3 Rg3+ 56. Ke4 Kf7 57. Rh7 Ke7 58. Rh8 Kd6 59. h4 Rg4+ 60. Ke3 Ke7 61. Rh7 Kd6 62. Rh8 Kd5 63. Rd8+ Kc4 64. Rc8+ Kb3 65. Rh8 Rf4 66. Rg8 Rxh4 67. Rxg7 Rf4 68. Rg3 Kc4 69. Rg8 Rxf5 0-1

[Event "GER-ch U14"]
[Site "Willingen"]
[Date "2015.05.26"]
[Round "4"]
[White "Weller, Uli"]
[Black "Muckle, Julius"]
[Result "1-0"]
[WhiteElo "1822"]
[BlackElo "2082"]
[PlyCount "67"]
[EventDate "2015.05.24"]
[EventType "swiss"]
[EventRounds "9"]
[EventCountry "GER"]
[SourceTitle "CBM 166 Extra"]
[Source "ChessBase"]
[SourceDate "2015.06.18"]
[SourceVersion "1"]
[SourceVersionDate "2015.06.18"]
[SourceQuality "1"]

1. c4 c6 2. e4 e6 3. d4 d5 4. exd5 cxd5 5. Nc3 Nf6 6. c5 b6 7. b4 bxc5 8. bxc5 Nc6 9. Bb5 Bd7 10. Nf3 Ne4 11. Bd2 f6 12. 0-0 Be7 13. Re1 Nxd2 14. Qxd2 Qc7 15. Qe2 Kf7 16. Rab1 Rab8 17. Nxd5 Qc8 18. Nxe7 Nxe7 19. Bc4 Rxb1 20. Rxb1 Qc7 21. Nd2 f5 22. Nf3 Kf6 23. Re1 Ng6 24. g3 Re8 25. d5 exd5 26. Qb2+ Kf7 27. Bxd5+ Kf8 28. Rxe8+ Bxe8 29. Ng5 Qe5 30. Qb7 Qe1+ 31. Kg2 Nh4+ 32. gxh4 Bg6 33. Nxh7+ Ke8 34. Bc6+ 1-0

[Event "GER-ch U14"]
[Site "Willingen"]
[Date "2015.05.25"]
[Round "3"]
[White "Buckels, Valentin"]
[Black "Weller, Uli"]
[Result "1/2-1/2"]
[WhiteElo "2150"]
[BlackElo "1822"]
[PlyCount "120"]
[EventDate "2015.05.24"]
[EventType "swiss"]
[EventRounds "9"]
[EventCountry "GER"]
[SourceTitle "CBM 166 Extra"]
[Source "ChessBase"]
[SourceDate "2015.06.18"]
[SourceVersion "1"]
[SourceVersionDate "2015.06.18"]
[SourceQuality "1"]

1. d4 e6 2. c4 Nf6 3. Nc3 Bb4 4. e3 b6 5. Nge2 Bb7 6. a3 Bxc3+ 7. Nxc3 d6 8. Be2 0-0 9. 0-0 c5 10. d5 exd5 11. Bf3 Qe7 12. Nxd5 Nxd5 13. Bxd5 Bxd5 14. Qxd5 Na6 15. Rd1 Nc7 16. Qd3 Rfe8 17. f3 Rad8 18. e4 Qe5 19. Bd2 Ne6 20. Bc3 Qg5 21. Qd5 Qxd5 22. Rxd5 Nf4 23. Rd2 f6 24. Rad1 Re6 25. Kf2 Ng6 26. g3 Nh8 27. Rd5 Nf7 28. b3 Kf8 29. h4 Ke7 30. Bd2 Kd7 31. Bf4 Kc6 32. g4 Ne5 33. Kg3 h6 34. g5 hxg5 35. hxg5 Rf8 36. gxf6 Rexf6 37. Bxe5 Rxf3+ 38. Kg2 dxe5 39. Rd6+ Kb7 40. Rd7+ Ka6 41. Rxg7 R3f4 42. b4 Rf2+ 43. Kg1 R2f7 44. Rxf7 Rxf7 45. Rd5 cxb4 46. axb4 Rc7 47. c5 bxc5 48. bxc5 Kb5 49. c6+ Kxc6 50. Rxe5 Kd6 51. Rd5+ Ke6 52. Kf2 Rb7 53. Ke3 Rf7 54. Ra5 Rb7 55. Ra4 Ke5 56. Ra5+ Ke6 57. e5 a6 58. Kd4 Rb4+ 59. Kc5 Rb5+ 60. Rxb5 axb5 1/2-1/2

[Event "Augsburg op"]
[Site "Augsburg"]
[Date "2013.12.30"]
[Round "7"]
[White "Crone, Stephan"]
[Black "Weller, Uli"]
[Result "1-0"]
[WhiteElo "1809"]
[BlackElo "1624"]
[PlyCount "139"]
[EventDate "2013.12.27"]
[EventType "swiss"]
[EventRounds "7"]
[EventCountry "GER"]
[SourceTitle "CBM 158 Extra"]
[Source "ChessBase"]
[SourceDate "2014.02.28"]
[SourceVersion "1"]
[SourceVersionDate "2014.02.28"]
[SourceQuality "1"]

1. d4 e6 2. Bf4 d5 3. e3 c5 4. c3 Nc6 5. Nf3 Nf6 6. Bd3 Be7 7. h3 b6 8. Nbd2 Bb7 9. Ne5 Nxe5 10. Bxe5 Bd6 11. Bb5+ Kf8 12. Nf3 a6 13. Bd3 Bxe5 14. Nxe5 Nd7 15. Qh5 Nxe5 16. Qxe5 Qe7 17. 0-0 f6 18. Qg3 e5 19. Rae1 g6 20. h4 e4 21. Bc2 Kg7 22. f3 f5 23. fxe4 fxe4 24. Rf4 Raf8 25. Ref1 Rxf4 26. Rxf4 Rf8 27. Rxf8 Kxf8 28. Qf4+ Kg7 29. Bd1 Bc8 30. g3 cxd4 31. cxd4 Qd7 32. Qe5+ Kh6 33. Qf6 Qf5 34. Qxb6 Qh3 35. Qd6 Kg7 36. Qe5+ Kh6 37. Qg5+ Kg7 38. Qe7+ Kg8 39. Qe5 Be6 40. Qf4 Qf5 41. Qxf5 Bxf5 42. Be2 Bc8 43. Kg2 h6 44. Kf2 Kf7 45. Ke1 Ke7 46. Kd2 Kd6 47. Kc3 Kc6 48. Kb4 Kb6 49. a4 Bb7 50. a5+ Kc6 51. Bg4 Kd6 52. Kc3 Bc6 53. Be2 Bb7 54. b4 Kc6 55. Kb3 Bc8 56. Ka4 Kd6 57. b5 g5 58. hxg5 hxg5 59. bxa6 Bd7+ 60. Bb5 Bc8 61. Kb4 g4 62. a7 Bb7 63. Be2 Kc6 64. Bxg4 Ba8 65. Be6 Kd6 66. Bc8 Kc7 67. Ba6 Kd6 68. Kb5 Kc7 69. Kc5 Bc6 70. g4 1-0